IN SEARCH OF STARS (Record no. 20264)

MARC details
000 -LEADER
fixed length control field 00245nam a22001217a 4500
003 - CONTROL NUMBER IDENTIFIER
control field SGT
082 ## - DEWEY DECIMAL CLASSIFICATION NUMBER
Item number KHA
100 ## - MAIN ENTRY--PERSONAL NAME
Personal name KHANDELWAL, DHEERA
245 ## - TITLE STATEMENT
Title IN SEARCH OF STARS
260 ## - PUBLICATION, DISTRIBUTION, ETC. (IMPRINT)
Place of publication, distribution, etc DELHI
Name of publisher, distributor, etc S.CHAND
Year of Publication 2012
300 ## - PAGE DESCRIPTION
No. of Pages 117
942 ## - ADDED ENTRY ELEMENTS (KOHA)
Source of classification or shelving scheme Dewey Decimal Classification
Koha item type Books
Holdings
Withdrawn status Lost status Source of classification or shelving scheme Damaged status Not for loan Collection code Home library Current library Date acquired SGTU Full call number Accession No. (Barcode) Date last seen Bill Date Koha item type
Withdrawn   Dewey Decimal Classification     MASS COMMUNICATION SGT Science & Social Sciences Library SGT Science & Social Sciences Library 11/07/2020 SGTU KHA MC680 11/07/2020 11/07/2020 Books